In fearful Costa Rica, the yanquis are welcome
Artículo publicado en el New York Times el 11 de julio de 1985, en el que se analiza la apertura de los costarricenses a la presencia militar norteamericana en su país. De acuerdo al autor Costa Rica a pesar de su neutralidad, permitió la llegada de asesores militares por el temor general de una pos...
Guardado en:
| Autor principal: | |
|---|---|
| Otros Autores: | |
| Formato: | Desconocido |
| Lenguaje: | English |
| Publicado: |
Nueva York:
Grove Weidenfeld
|
| Materias: | |
| Etiquetas: |
Agregar Etiqueta
Sin Etiquetas, Sea el primero en etiquetar este registro!
|
MARC
| LEADER | 00000 a2200000 04500 | ||
|---|---|---|---|
| 001 | 1856 | ||
| 003 | cru IIS | ||
| 005 | 20211213104215.0 | ||
| 008 | 991231s1989 nyu eng d | ||
| 020 | |a 0-8021-3124-7 | ||
| 040 | |a Centro de Recursos para el Aprendizaje y la Investigación |b español |c cru IIS | ||
| 090 | |a 04.03.01 E22c | ||
| 100 | |a Edelman, Marc | ||
| 245 | |a In fearful Costa Rica, the yanquis are welcome | ||
| 260 | |a Nueva York: |b Grove Weidenfeld | ||
| 300 | |a páginas 302-304 | ||
| 500 | |a Colección Centroamérica | ||
| 520 | |a Artículo publicado en el New York Times el 11 de julio de 1985, en el que se analiza la apertura de los costarricenses a la presencia militar norteamericana en su país. De acuerdo al autor Costa Rica a pesar de su neutralidad, permitió la llegada de asesores militares por el temor general de una posible invasión o agresión nicaraguense, asimismo por el sentimiento anti-comunista y anti-sandinista prevaleciente en la mentalidad colectiva costarricense. Los choques fronterizos, el deterioro diplomático y los incidentes de violencia doméstica generaron la idea de ver en Nicaragua el potencial enemigo. En consecuencia, se produjo un intento de modernizar las fuerzas de seguridad de Costa Rica y muy poca oposición se manifestó por la presencia de acesores militares estadounidenses en 1985. AB/JM | ||
| 650 | |a RELACIONES INTERNACIONALES |0 TESAUROS | ||
| 650 | |a DIPLOMACIA |0 TESAUROS | ||
| 650 | |a RELACIONES BILATERALES |0 TESAUROS | ||
| 650 | |a AYUDA MILITAR |0 TESAUROS | ||
| 650 | |a PERSONAL MILITAR |0 TESAUROS | ||
| 700 | |a Kenen, Joanne; | ||
| 773 | 0 | |h páginas 302-304 | |
| 852 | 1 | 1 | |a 04.03.01 E22c |
| 942 | |2 ddc |c LI |h 04.03.01 E22c |k 04.03.01 |m E22c |6 040301_E22C | ||
| 999 | |c 3253 |d 3253 | ||
| 773 | 0 | |0 43851 |9 5999 |a Edelman, Marc |d Nueva york: Grove Weidenfeld; 1989 |o 09267 |t The Costa Rica Reader / |z 0-8021-1081-9 | |



